00330pab a2200121 454500008004000000100002000040245008300060260000900143300001200152362000800164650001600172773002000188180718b2002 xxu||||| |||| 00| 0 eng d aClague, John J. aThe earthquake threat in Southwestern British Columbia: a geologic perspective c2002 ap.7-34. aMay aEarthquakes aNatural Hazards